| 000 | 02668nac a22003011u 4500 | ||
|---|---|---|---|
| 090 | _c3422 | ||
| 008 | 080806t xxu||||| |||| 00| 0 eng d | ||
| 010 | _a 2006017115 | ||
| 020 | _a9781405157155 (hardcover : alk. paper) | ||
| 020 | _a1405157151 (hardcover : alk. paper) | ||
| 082 | 0 | 0 |
_a330.0922 _bSa498 |
| 245 | 0 | 0 |
_aInside the economists mind : _bthe history of modern economic thought, as explained by those who produced it / _cedited by Paul A. Samuelson and William A. Barnett. |
| 246 | 3 | 0 | _aHistory of modern economic thought |
| 250 | _a1st ed. | ||
| 260 |
_aMalden, MA : _bBlackwell Pub.,2007 _c2007. |
||
| 300 |
_axxxvi, 419 p. : _bill. ; _c24 cm. |
||
| 504 | _aIncludes bibliographical references. | ||
| 505 | 0 | _aHistory of thought introduction : economists talking with economists : an historian's perspective / E. Roy Weintraub -- An interview with Wassily Leontief / interviewed by Duncan K. Foley -- An interview with David Cass / interviewed jointly by Steven E. Spear and Randall Wright -- An interview with Robert E. Lucas, Jr. / interviewed by Bennett T. McCallum -- An interview with JaÌ?nos Kornai / interviewed by Olivier Blanchard -- An interview with Franco Modigliani / interviewed by William A. Barnett and Robert Solow -- An interview with Milton Friedman / interviewed by John B. Taylor -- An interview with Paul A. Samuelson / interviewed by William A. Barnett -- An interview with Paul A. Volcker / interviewed by Perry Mehrling -- An interview with Martin Feldstein / interviewed by James M. Poterba -- An interview with Christopher A. Sims / interviewed by Lars Peter Hansen -- An interview with Robert J. Shiller / interviewed by John Y. Campbell -- An interview with Stanley Fischer / interviewed by Olivier Blanchard -- An interview with Jacques DreÌ€ze / interviewed by Pierre Dehez and Omar Licandro -- An interview with Thomas J. Sargent / interviewed by George W. Evans and Seppo Honkapohja -- An interview with Robert Aumann / interviewed by Sergiu Hart -- Conversations with James Tobin and Robert J. Shiller on the Yale tradition in macroeconomics / conducted by David Colander. | |
| 650 | 0 |
_aEconomists _vInterviews. |
|
| 650 | 0 |
_aEconomists _vBiography. |
|
| 650 | 0 | _aEconomics. | |
| 650 | 0 |
_aEconomics _xHistory _y20th century. |
|
| 700 | 1 |
_aSamuelson, Paul Anthony, _d1915- |
|
| 700 | 1 | _aBarnett, William A. | |
| 856 | 4 | 1 |
_3Table of contents only _uhttp://www.loc.gov/catdir/toc/ecip0614/2006017115.html |
| 942 |
_cBB _k330.0922Sa498 _2ddc |
||
| 999 |
_c3422 _d3422 |
||